| 000 | 03696cam a2200361 a 4500 | ||
|---|---|---|---|
| 001 | 15250772 | ||
| 005 | 20081219100752.0 | ||
| 008 | 080407s2008 enk b 001 0 eng | ||
| 010 | _a 2008015914 | ||
| 020 | _a140399577X (alk. paper) | ||
| 020 | _a9781403995773 (alk. paper) | ||
| 035 | _a(OCoLC)222250628 | ||
| 035 | _a(OCoLC)ocn222250628 | ||
| 040 |
_aDLC _cDLC _dYDXCP _dBTCTA _dBAKER _dBWKUK _dBWK _dBWX _dCDX _dDLC |
||
| 043 | _aaw----- | ||
| 050 | 0 | 0 |
_aJQ1758.A58 _bS74 2008 |
| 082 | 0 | 0 |
_a320.956 _222 _bSTE |
| 100 | 1 |
_aStetter, Stephan, _d1972- _98147 |
|
| 245 | 1 | 0 |
_aWorld society and the Middle East : _bReconstructions in regional politics / _cStephan Stetter. |
| 260 |
_aBasingstoke [England] : _bPalgrave Macmillan, _cc2008. |
||
| 300 |
_ax, 239 p. ; _c23 cm. |
||
| 490 | 0 | _aRethinking peace and conflict studies | |
| 504 | _aIncludes bibliographical references and index. | ||
| 505 | 0 | _aIntroduction : globalization, world society and the study of the Middle East in international relations -- World society and the Middle East : introductory remarks -- Addressing globalization and the Middle East -- Theories of globalization and world society -- A world society perspective on the Middle East -- Outline of the book -- Regionalization and debordering : the Middle East between global interconnectivity and functional differentiation -- Relocating the Middle East -- Debordering the Middle East -- Bordering Palestine -- Jerusalem as a world city -- Rebordering the Middle East -- The creeping antagonization of Middle East politics -- Power and contestations : crossings the lines between power and powerlessness in the Middle East -- Mystifications of power in the Middle East -- Readdressing cycles of power and powerlessness -- Frozen crossings : the naked visibility of power in Middle East politics -- The inflationary symbolization of power in the Middle East -- The centrality of violence in the Middle East reconsidered -- Hot contestations : paradoxes of power and powerlessness -- Inclusion and exclusion : fragile strategies of deparadoxification in the Middle East -- Inclusion and exclusion in Middle East politics -- Inclusion/exclusion and the creeping antagonization of Middle East politics -- Another Middle East mosaic : extended frozen crossings and chain exclusions -- Re-reading the 'crisis' of education in the Middle East -- Women, men and the Middle East -- World society and the polycontextuality of inclusion/exclusion -- Rethinking conflicts and peace in the Middle East -- Identities and conflicts : the 'deep perturbation' of Middle East politics -- Constructions and all that : identities and conflicts in the Middle East -- Antagonized identities, 'deep perturbations' and conflict systems -- Revisiting identities and conflicts in Middle East politics -- The institutionalization of antagonisms in Middle East politics -- Identity as the ideological battleground of Middle East conflicts -- World society and Middle East conflicts -- Beyond Orientalization and civilization : concluding remarks -- Whither peace in the Middle East? | |
| 650 | 0 |
_aInterregionalism _zMiddle East. _98148 |
|
| 650 | 0 |
_aGroup identity _zMiddle East. _98149 |
|
| 650 | 0 |
_aPolitics and war _zMiddle East. _98150 |
|
| 650 | 0 |
_aGlobalization _zMiddle East. _98151 |
|
| 651 | 0 |
_aMiddle East _xPolitics and government. _98152 |
|
| 942 |
_2ddc _cBB |
||
| 999 |
_c12428 _d12428 |
||